LIBRARY & INFORMATION CENTRE, KCAET, TAVANUR

ONLINE PUBLIC ACCESS CATALOGUE (OPAC)

Self aligning mechanisms / (Record no. 6689)

MARC details
000 -LEADER
fixed length control field 00376cam a2200157ua 4500
041 ## - LANGUAGE CODE
Language code of text/sound track or separate title eng
082 ## - DEWEY DECIMAL CLASSIFICATION NUMBER
Classification number 621.8
Item number RES/SE
100 ## - MAIN ENTRY--AUTHOR NAME
Personal name Reshetov, L .
245 ## - TITLE STATEMENT
Title Self aligning mechanisms /
250 ## - EDITION STATEMENT
Edition statement 1 /
260 ## - PUBLICATION, DISTRIBUTION, ETC. (IMPRINT)
Place of publication Moscow :
Name of publisher Mir publishers ,
Year of publication 1982.
300 ## - PHYSICAL DESCRIPTION
Number of Pages 528 ; .
942 ## - ADDED ENTRY ELEMENTS (KOHA)
Koha item type Books
Holdings
Withdrawn status Lost status Damaged status Home library Current library Date acquired Full call number Accession Number Koha item type
Withdrawn   Damaged KAUAET KAUAET 09/03/1987 621.8 16021 Books
free website counter